| 000 | 00704 a2200181 4500 | ||
|---|---|---|---|
| 005 | 20120411145630.0 | ||
| 008 | 120411t xxu||||| |||| 00| 0 eng d | ||
| 080 |
_a537.533.35 _bCHA |
||
| 100 |
_aChandler, Douglas E _919925 |
||
| 245 |
_aBioimaging _bcurrent concepts in light and electron microscopy _cDouglas E. Chandler and Robert W. Roberson |
||
| 300 | _axvi, 440p. | ||
| 653 | _aMicroscopy - technique | ||
| 653 | _aElectron microscopy | ||
| 942 | _cBK | ||
| 260 |
_aBoston _bJones and bartlett _c2009 _919926 |
||
| 020 | _a9780763738747 | ||
| 952 |
_w2011-12-28 _p00066501 _v0.00 _r2013-01-07 _40 _e65 _00 _bUL _10 _o537.533.35 CHA _d2011-12-28 _70 _cGEN _2udc _g0.00 _yBK _s2012-10-15 _l3 _aUL |
||
| 999 |
_c73712 _d73711 |
||